000 01714nam0a2200361 4500
001 RU\NLR\bibl\218188
005 20260407022959.0
010 _a5-7253-0537-6
_9500
021 _aRU
_b2001-37815
_91795
035 _a(NLR Aleph) 000214274
090 _a1244350
_c1244350
100 _a20011217d2001 |||y0rusy50 ca
101 0 _arus
102 _aRU
105 _ay |||||||||
200 1 _aОсновные положения среднесрочной программы (2001-2005 годы) социально-экономического развития Иркутской области
_eПроект
_fАдминистрация Иркут. обл. и др.
210 _aИркутск
_cИзд-во ИГЭА
_d2001
215 _a98 с.
_d21
300 _aВ надзаг. также: Акад. бюджета и казначейства М-ва финансов Рос. Федерации, Иркут. гос. экон. акад. М-ва образования Рос. Федерации
607 _aИркутская область
_xНародное хозяйство
_xПрогнозирование
_92231129
_3RU\NLR\auth\661339139
610 0 _aИркутская область - Программы социально-экономического развития
675 _a316.42(571.53)
_v3
_zrus
686 _a04
_2rugasnti
686 _a60.55
_2rubbk
686 _aУ23(2)038(2Р-4Ир)
712 0 1 _4570
_aИркутская область
_bАдминистрация
_9514384
_3RU\NLR\AUTH\8810008323
801 0 _aRU
_bRKP
_c20011217
_gPSBO
801 1 _aRU
_bRKP
_c20011217
801 2 _aRU
_bNLR
_c20071217
_grcr
942 _cBOOK
980 _aNB
980 _aNBR